| 000 | 01137nam a2200241Ia 4500 | ||
|---|---|---|---|
| 999 |
_c36710 _d36710 |
||
| 001 | 2640 | ||
| 003 | GE_BSU | ||
| 005 | 20190515211259.0 | ||
| 008 | 181216s1995||||ge |||||||||||||| ||geo|| | ||
| 020 | _a5511006599 | ||
| 040 | _cGE_BSU | ||
| 041 | _ageo | ||
| 080 | _a811.353.1 ჯ-71 | ||
| 100 |
_aჯორბენაძე, ბესარიონ _91214 |
||
| 245 |
_aქართველურ ენათა დიალექტები / _cბესარიონ ჯორბენაძე ; რედ.:გ.გოგოლაშვილი, გ.სალიაშვილი. |
||
| 264 |
_aთბილისი : _bთბილისის უნივერსიტეტის გამ-ბა, _c1995. |
||
| 300 |
_a447 გვ. : _b1ფ. პორტრეტი ; _c20 სმ. |
||
| 653 | _aქართული ენა | ||
| 653 | _aქართველურ ენათა დიალექტები | ||
| 700 |
_aგოგოლაშვილი, გ. _eრედაქტორი _91215 |
||
| 700 |
_aსალიაშვილი, გ. _eრედაქტორი _91216 |
||
| 942 |
_cBK _2udc |
||